Nové prístupy v systéme služieb zamestnanosti bakalárska práca

Saved in:
Bibliographic Details
Main Author: Hulínová, Veronika
Corporate Author: Národohospodárska fakulta EU. Katedra sociálneho rozvoja a práce
Other Authors: Barta, Michal
Format: Book
Language:Slovak
Published: Bratislava 2015
Tags: Add Tag
No Tags, Be the first to tag this record!

MARC

LEADER 00000nbm a2200000 4500
001 0205033
005 20161212094941.6
041 0 |a slo 
044 |a SK 
245 1 0 |a Nové prístupy v systéme služieb zamestnanosti  |b bakalárska práca  |c Veronika Hulínová ; školiteľ: Michal Barta 
264 1 |a Bratislava  |c 2015 
300 |a 49 s. 
100 1 |a Hulínová, Veronika 
700 1 |a Barta, Michal 
710 2 |a Národohospodárska fakulta EU. Katedra sociálneho rozvoja a práce